| 000 | 00483nam a2200169 a 4500 | ||
|---|---|---|---|
| 005 | 20140412111322.0 | ||
| 008 | 010323s19uu xx 00 eng d | ||
| 020 | _a0-87135-243-5 | ||
| 050 |
_aER _bPu96 1987 |
||
| 100 | _aSmith, Nora | ||
| 245 |
_aThe Puffalumps pillow tales / _cby Nora Smith ; illustrated by Kristin Johnson. |
||
| 260 |
_aNew York : _bMarvel Books, _c1987. |
||
| 300 | _a1 v. (unp.) ; ill. | ||
| 650 | _aTales | ||
| 650 | _aChildren stories | ||
| 999 |
_c104422 _d104422 |
||